Carregant...
Samanthar kahani me yatharthboth /
| Altres autors: | |
|---|---|
| Format: | Printed Book |
| Publicat: |
Madura:
Jawahar Pusthakalya,
2005.
|
| Matèries: |
| LEADER | 00546cam a2200157ua 4500 | ||
|---|---|---|---|
| 008 | 110521t2005||||||||||| 00 ||||| c | ||
| 082 | |a 891.433 09 |b REK/S | ||
| 245 | 0 | 0 | |a Samanthar kahani me yatharthboth / |
| 260 | |a Madura: |b Jawahar Pusthakalya, |c 2005. | ||
| 300 | |a 216p.. | ||
| 362 | 1 | |a 2005. | |
| 650 | 0 | |a Hindi fiction | |
| 700 | 0 | 2 | |a Rekha Basanth Patil, |
| 942 | |c BK | ||
| 999 | |c 25520 |d 25520 | ||
| 952 | |0 0 |1 0 |4 0 |6 891_433000000000000_09_REK |7 0 |9 27188 |a KUCL |b KUCL |d 2014-05-23 |l 5 |m 1 |o 891.433 09 REK/ |p 26094 |q 2020-10-28 |r 2020-03-07 |s 2020-03-07 |w 2014-05-23 |y BK | ||